El Papel de la formación en la acción de la DC salvadoreña /

Na minha lista:
Detalhes bibliográficos
Autor principal: Alvergue, Pablo Mauricio
Formato: Texto
Assuntos:
Tags: Adicionar Tag
Sem tags, seja o primeiro a adicionar uma tag!

MARC

LEADER 00000 a a2200000 04500
001 11477
003
040
100 |a Alvergue, Pablo Mauricio  
245 |a El Papel de la formación en la acción de la DC salvadoreña /  |c Pablo Mauricio Alvergue 
650 |a PARTIDOS POLITICOS  
650 |a IDEOLOGIAS POLITICAS  
650 |a SISTEMAS POLITICOS  
650 |a POLITICA  
650 |a CAPACITACION  
650 |a ORGANIZACIONES REGIONALES  
650 |a COOPERACION INTERNACIONAL  
650 |a ASPECTOS POLITICOS  
773 |g número 3 -4; páginas 98-107  
999 |c 22572  |d 22572